Introducción a la publicidad./ (Registro nro. 9665)

Detalles MARC
000 -LEADER
fixed length control field 01709nam a2200217Ia 4500
005 - FECHA Y HORA DE LA ÚLTIMA TRANSACCIÓN
control field 20250621143620.0
008 - FIXED-LENGTH DATA ELEMENTS--GENERAL INFORMATION
fixed length control field 231006s9999 xx 000 0 und d
020 ## - INTERNATIONAL STANDARD BOOK NUMBER
International Standard Book Number 978-84-368-4195-4
040 ## - CATALOGING SOURCE
Original cataloging agency UPAN
Transcribing agency Biblioteca San Vicente
Description conventions RCAA63
041 ## - LANGUAGE CODE
Language code of text/sound track or separate title spa
082 ## - DEWEY DECIMAL CLASSIFICATION NUMBER
Classification number 659.11
Item number M491i
año de publicación 2019
100 ## - MAIN ENTRY--PERSONAL NAME
Personal name Medina, Agustín
Relator code aut.
245 #0 - TITLE STATEMENT
Title Introducción a la publicidad./
Remainder of title Agustín Medina
250 ## - EDITION STATEMENT
Edition statement 2º ed.
260 ## - PUBLICATION, DISTRIBUTION, ETC. (IMPRINT)
Place of publication, distribution, etc España:
Name of publisher, distributor, etc Piramide,
Date of publication, distribution, etc 2019
300 ## - PHYSICAL DESCRIPTION
Extent 126 p. ;
Dimensions 28 cm.
505 ## - FORMATTED CONTENTS NOTE
Formatted contents note Antecedentes Históricos<br/>Primeras agencias de publicidad <br/>1. Estructuras y relaciones empresariales<br/>1.1 Marketing y publicidad<br/>1.2 La agencia de publicidad <br/>1.3 Relaciones cliente-agencia <br/>Anexo. Datos sobre el mercado publicitario español <br/>2. Desarrollo de la campaña publicitaria<br/>2.1 El briefing<br/>2.2 La estrategia <br/>2.3 La creatividad <br/>2.4 La investigación<br/>Anexo. Teoría de la creatividad <br/>3. Lo creativo<br/>3.1 El mundo de las ideas <br/>3.2 Técnicas creativas <br/>3.3 Filosofía creatividad de las agencias <br/>4. La producción<br/>4.1 Producción audiovisual <br/>4.2 Producción gráfica <br/>Anexo I. Publicidad en televisión <br/>Anexo II. Publicidad en medios impresos <br/>Anexos III. Publicidad en internet <br/>5. Los medios<br/>5.1 Clasificación <br/>5.2 Características <br/>Anexo. Sistema de medición de difusión, audiencias e inversiones publicitarias en los medios <br/>6. El below the line<br/>6.1 Promoción de ventas <br/>6.2 El marketing <br/>Anexo. Inversión publicitaria en España <br/>7. Las nuevas tecnologías <br/>7.1 Internet <br/>7.2 Televisión <br/>7.3 Las redes sociales <br/>7.4 Los Smartphones <br/>Anexo. Llega el futuro
650 ## - SUBJECT ADDED ENTRY--TOPICAL TERM
Source of heading or term LEMB
General subdivision Publicidad
650 ## - SUBJECT ADDED ENTRY--TOPICAL TERM
Source of heading or term LEMB
General subdivision Marketing
942 ## - ADDED ENTRY ELEMENTS (KOHA)
Koha item type Libros
Source of classification or shelving scheme Dewey Decimal Classification
Existencias
Withdrawn status Lost status Source of classification or shelving scheme Damaged status Not for loan Collection code Home library Current library Date acquired Total Checkouts Full call number Barcode Date last seen Copy number Price effective from Koha item type
    Dewey Decimal Classification     Colección General Biblioteca UPAN San Vicente Biblioteca UPAN San Vicente 06/10/2023   659.11 M491i 12004403 06/10/2023 01 06/10/2023 Libros
    Dewey Decimal Classification     Colección General Biblioteca UPAN San Vicente Biblioteca UPAN San Vicente 06/10/2023   659.11 M491i 12004405 09/10/2023 02 06/10/2023 Libros
    Dewey Decimal Classification     Colección General Biblioteca UPAN San Vicente Biblioteca UPAN San Vicente 06/10/2023   659.11 M491i 12004404 09/10/2023 03 06/10/2023 Libros